=LDR 00000nam 2200000 4500 =001 INLIS000000000031811 =005 20130612133848 =008 ***********************************ind** =035 ##$$0010-061300000031811 =041 ##$$a ind =082 ##$$a 346.07 =090 ##$$a R.346.07, Sem h =100 ##$$a SEMBIRING, Sentosa, SH. MM =245 ##$$a Himpunan Peraturan Perundang - undangan Republik Indonesia Tentang Bisnis disertai dengan Peraturan Perundang - undangan yang terkait, Dr. Sentosa Sembiring, SH. MM =260 ##$$a 2008 $b Bandung =300 ##$$a viii, 264 hlm., 24 cm =650 ##$$a BISNIS - UNDANG - UNDANG DAN PERATURAN =850 ##$$a NBPNMAT